| 000 | 00447nam a2200145 4500 | ||
|---|---|---|---|
| 008 | 151002b xxu||||| |||| 00| 0 eng d | ||
| 020 | _a9789966448460 | ||
| 050 | _aQD 49 .K454 2015 | ||
| 245 |
_aSecondary chemistry: _bForm two students' book. |
||
| 250 | _a5th ed. | ||
| 260 |
_aNairobi; _bKenya literature bureau, _c2013. |
||
| 300 | _a153 p. : ill. | ||
| 650 | _aKLB form 2 chemistry. | ||
| 942 |
_2lcc _cBOOKS _hQD 49 .K454 2015 _054 |
||
| 999 |
_c7032 _d7032 |
||